00661nam a22002057a 450000500170000001000130001702000100003003500130004003700160005304000120006908200160008110000200009724501180011726000530023527000490028830000340033750000200037165000330039165000310042420170124110025.0 aA-284032 c00.00 aA-284032 bCen Lib/Ret aDPLbEN a510.78bGEA aGear, C. Willam aIntroduction to computers, structured programming and applications :cby C. Willam Gearbprogramming in pascal / aNew DelhibGalgotia Publications Pvt. Ltd c1986 a5, Ansari Road, DaryaganjbNew Delhie110002 aviii,248p. :c22cm(pbk)bill. aIncludes index. aElectronic digital computers aElectronic data processing